| 000 | 00582nam a2200205 a 4500 | ||
|---|---|---|---|
| 008 | |||
| 020 | _a0863771394(pbk) | ||
| 049 | _aMAIN | ||
| 090 | _aBF121 | ||
| 245 | 1 | 0 |
_aIntroduction to psychology : _b[edited by]Ilona Roth. _nVOL 2. |
| 260 |
_aLondon, : _b Lawrence Erlbaum Association Ltd, _c1990. |
||
| 300 |
_avi, 861 p.: _bill. ; _c25cm. |
||
| 500 | _aIncludes index. | ||
| 650 | 1 | _aPsychology | |
| 907 |
_a.b10195488 _b10-03-06 _c10-03-06 |
||
| 003 | |||
| 005 | 20230123134159.0 | ||
| 040 | _cNUST | ||
| 942 |
_cBOOKS _kBF121 |
||
| 999 |
_c161425 _d161425 |
||